LEADER 00950nam a2200193 i 4500 001 000000148646 003 CaOOAMICUS 005 20090731000000.0 008 090731s1911 it u000 u fre u 013 $a125962 040 $aSeMil$bita 100 1 $aGranderath, Théodor .$0(OLS)http://semarc/name/732 245 13$aLa Constitution De Fide Catholica. L'agitation extra conciliare /$cThéodor Granderath. 300 $a445 p. 650 4$aConcilio Vaticano I <1869-1870>.$0(OLS)http://semarc/subject/1023 773 0 $aGranderath, Théodor $tHistoire du Concile du Vatican depuis sa première annonce jusqu'a sa prorogation d'après les documents authentiques.$dBruxelles : Dewit, 1907.$gTome2$w()864 850 $aSeMil 852 $aSeMil$W1$xVenegono$y1$m2A IV 24$j101010$B101010$CSeMilBibl$Z2$F109740 $81 996 $6245$aLa Constitution De Fide Catholica. L'agitation extra conciliare$9(OLS)http://semarc/title/217256 LEADER 00871nam a2200217 i 4500 001 000000214871 003 CaOOAMICUS 005 20120807000000.0 008 120807s1962 it u000 u ita u 013 $a193743 040 $aSeMil$bita 100 1 $aFrecchiami, Mario.$0(OLS)http://semarc/name/20045 245 13$aLa badia di Ganna e l'Antro delle gallerie /$cMario Frecchiami, Benigno Comolli. 260 $aGanna (Varese) :$b[s.n.],$c1962. 300 $a77p. :$bill. ;$c25 cm. 650 4$aValganna - Badia di San Gemolo.$0(OLS)http://semarc/subject/54015 850 $aSeMil 852 $aSeMil$W1$xVenegono$y1$m3P III 142$j165292$B165292$CSeMilBibl$Z2$F176292 $81 961 $aRecupero: Altro 996 $6245$aLa badia di Ganna e l'Antro delle gallerie$9(OLS)http://semarc/title/309559 996 $6260$aGanna (Varese) :$b[s.n.]$9(OLS)http://semarc/publisher/30451